000 00460nam a22001937a 4500
003 OSt
005 20241029102638.0
008 241029b |||||||| |||| 00| 0 eng d
040 _cMRSPTU
041 _aENG
082 _a632.7
_bAW-A
100 _aAwasthi, V.B
245 _aAgricultural Insect Pests and their Control
250 _a2nd Ed.
260 _aJodhpur
_bScientific Pub.
_c2023
300 _a304
650 _aAgriculture
942 _2ddc
_cBK
_n0
999 _c10393
_d10393